Catálogo
 En Linea
Vista normal Vista MARC

Entrada Nombre personal

Número de registros utilizados en: 3

001 - NÚMERO DE CONTROL

  • campo de control: 78240

003 - IDENTIFICADOR DEL NÚMERO DE CONTROL

  • campo de control: OSt

005 - FECHA Y HORA DE LA ÚLTIMA TRANSACCIÓN

  • campo de control: 20210323140504.0

008 - DATOS DE LONGITUD FIJA

  • campo de control de longitud fija: 210323|| aca||aabn | a|a d

040 ## - FUENTE DE LA CATALOGACIÓN

  • Centro catalogador/agencia de origen: OSt

100 1# - ENCABEZAMIENTO-NOMBRE DE PERSONA

  • Nombre de persona: Vásquez Frías, Pastor,
  • Fechas asociadas al nombre: 1967-

370 ## - LUGAR ASOCIADO

  • Lugar de nacimiento: La Ceiba (Santo Domingo, República Dominicana)

371 ## - DIRECCIÓN

374 ## - OCUPACIÓN

  • Ocupación: Periodista
  • Ocupación: Abogado

375 ## - GÉNERO/SEXO

  • Género/Sexo: Masculino

377 ## - LENGUA/LENGUAJE ASOCIADO

  • Código del idioma: Español

400 1# - TRAZADO DE VÉASE--NOMBRE DE PERSONA

  • Nombre de persona: Frías, Pastor Vásquez,
  • Fechas asociadas al nombre: 1967-

400 1# - TRAZADO DE VÉASE--NOMBRE DE PERSONA

  • Nombre de persona: Vásquez Frías, Héctor Pastor,
  • Fechas asociadas al nombre: 1967-

400 1# - TRAZADO DE VÉASE--NOMBRE DE PERSONA

  • Nombre de persona: Frías, Héctor Pastor Vásquez,
  • Fechas asociadas al nombre: 1967-

400 1# - TRAZADO DE VÉASE--NOMBRE DE PERSONA

  • Nombre de persona: Vásquez, Pastor,
  • Fechas asociadas al nombre: 1967-

670 ## - FUENTE DE DATOS ENCONTRADOS

  • Cita de la fuente: Vásquez Frías, Pastor. ¡Éxodo!, 2013:
  • Información encontrada: Portada (Pastor Vásquez Frías) solapa frontal (Héctor Pastor Vásquez Frías, nacido en La Ceiba, sección del Distrito Municipal La Victoria, Santo Domingo Norte [República Dominicana], 30 de marzo de 1967; periodista, abogado) verso de la portada (Ceyba @ hotmail .com)

Con tecnología Koha